Actitudes y hábitos de estudio: un aspecto importante en la orientación educacional

Uloženo v:
Podrobná bibliografie
Hlavní autor: Lopehandía de Meza, Olga (autora)
Médium: Kniha
Jazyk:španělština
Vydáno: Santiago Universidad de Chile 1966
Témata:
Tagy: Přidat tag
Žádné tagy, Buďte první, kdo vytvoří štítek k tomuto záznamu!

MARC

LEADER 00000nam a2200000 a 4500
001 UCY8529
003 CL-VaPUC
008 950703e19660000CL |||||||||||||||||spa|d
082 0 4 |a 371.3028  |b LOP  |2 21 
100 |a Lopehandía de Meza, Olga  |e autora  |9 339957 
245 1 0 |a Actitudes y hábitos de estudio: un aspecto importante en la orientación educacional 
300 |a 197 p 
942 |c BK 
945 |d 19950703 00:00:00  |a cmena 
260 |a Santiago  |b Universidad de Chile  |c 1966 
650 0 |a Métodos de estudio  |9 260518 
650 0 |a Alumnos   |9 335074 
650 0 |a Actitud en el trabajo  |9 334791 
650 7 |a INTERESES DE LOS ESTUDIANTES  |2 CL-VaPUC  |9 339214 
650 0 |a Aprendizaje   |9 254827 
650 7 |a HABITOS  |2 CL-VaPUC  |9 311931 
650 0 |a Investigación educacional   |9 261192 
583 |a last modification  |c 19950703 00:00:00  |k Rodrigo Vera 
999 |c 235764  |d 235762 
952 |0 0  |1 0  |4 0  |6 371_302800000000000_LOP_1966  |7 0  |8 P  |9 243382  |a BIBEDU  |b BIBEDU  |c BIBEDU_PB  |d 2019-11-18  |i 1524453  |o 371.3028 LOP 1966  |p 1524453  |r 2024-01-25  |w 2019-11-18  |y BK  |k EDU